<?xml version="1.0" encoding="UTF-8"?>
<record
    xmlns:xsi="http://www.w3.org/2001/XMLSchema-instance"
    xsi:schemaLocation="http://www.loc.gov/MARC21/slim http://www.loc.gov/standards/marcxml/schema/MARC21slim.xsd"
    xmlns="http://www.loc.gov/MARC21/slim">

  <leader>02029nam0a2200373 i 4500</leader>
  <controlfield tag="001">RU\NLR\bibl\1914193</controlfield>
  <controlfield tag="005">20260408064206.0</controlfield>
  <datafield tag="010" ind1=" " ind2=" ">
    <subfield code="a">9785725324600</subfield>
    <subfield code="9">200</subfield>
  </datafield>
  <datafield tag="021" ind1=" " ind2=" ">
    <subfield code="a">RU</subfield>
    <subfield code="b">2012-39033</subfield>
    <subfield code="9">2892</subfield>
  </datafield>
  <datafield tag="035" ind1=" " ind2=" ">
    <subfield code="a">(nilc)RSL-KNO-005446326</subfield>
  </datafield>
  <datafield tag="035" ind1=" " ind2=" ">
    <subfield code="a">(NLR Aleph) 001903708</subfield>
  </datafield>
  <datafield tag="090" ind1=" " ind2=" ">
    <subfield code="a">3082247</subfield>
    <subfield code="c">3082247</subfield>
  </datafield>
  <datafield tag="100" ind1=" " ind2=" ">
    <subfield code="a">20120604d2012    k  y0rusy50      ca</subfield>
  </datafield>
  <datafield tag="101" ind1="0" ind2=" ">
    <subfield code="a">rus</subfield>
  </datafield>
  <datafield tag="102" ind1=" " ind2=" ">
    <subfield code="a">RU</subfield>
  </datafield>
  <datafield tag="105" ind1=" " ind2=" ">
    <subfield code="a">a   |||||||||</subfield>
  </datafield>
  <datafield tag="200" ind1="1" ind2=" ">
    <subfield code="a">&#x41F;&#x440;&#x43E;&#x43C;&#x44B;&#x448;&#x43B;&#x435;&#x43D;&#x43D;&#x43E;&#x441;&#x442;&#x44C; &#x418;&#x440;&#x43A;&#x443;&#x442;&#x441;&#x43A;&#x43E;&#x439; &#x43E;&#x431;&#x43B;&#x430;&#x441;&#x442;&#x438;: &#x43F;&#x440;&#x43E;&#x431;&#x43B;&#x435;&#x43C;&#x44B;, &#x43F;&#x43E;&#x442;&#x435;&#x43D;&#x446;&#x438;&#x430;&#x43B; &#x438; &#x43F;&#x435;&#x440;&#x441;&#x43F;&#x435;&#x43A;&#x442;&#x438;&#x432;&#x44B; &#x440;&#x430;&#x437;&#x432;&#x438;&#x442;&#x438;&#x44F;</subfield>
    <subfield code="f">[&#x434;-&#x440;&#x430; &#x44D;&#x43A;&#x43E;&#x43D;. &#x43D;&#x430;&#x443;&#x43A;, &#x43F;&#x440;&#x43E;&#x444;&#x435;&#x441;&#x441;&#x43E;&#x440;&#x430; &#x41C;.&#x410;. &#x412;&#x438;&#x43D;&#x43E;&#x43A;&#x443;&#x440;&#x43E;&#x432;, &#x421;.&#x414;. &#x410;&#x43D;&#x438;&#x43A;&#x435;&#x435;&#x432;, &#x410;.&#x41F;. &#x421;&#x443;&#x445;&#x43E;&#x434;&#x43E;&#x43B;&#x43E;&#x432; &#x438; &#x434;&#x440;.</subfield>
    <subfield code="g">&#x43F;&#x43E;&#x434; &#x43E;&#x431;&#x449;. &#x440;&#x435;&#x434;. &#x41C;.&#x410;. &#x412;&#x438;&#x43D;&#x43E;&#x43A;&#x443;&#x440;&#x43E;&#x432;&#x430;]</subfield>
    <subfield code="g">&#x41C;-&#x432;&#x43E; &#x43E;&#x431;&#x440;&#x430;&#x437;&#x43E;&#x432;&#x430;&#x43D;&#x438;&#x44F; &#x438; &#x43D;&#x430;&#x443;&#x43A;&#x438; &#x420;&#x43E;&#x441;&#x441;&#x438;&#x439;&#x441;&#x43A;&#x43E;&#x439; &#x424;&#x435;&#x434;&#x435;&#x440;&#x430;&#x446;&#x438;&#x438;, &#x411;&#x430;&#x439;&#x43A;&#x430;&#x43B;&#x44C;&#x441;&#x43A;&#x438;&#x439; &#x433;&#x43E;&#x441;. &#x443;&#x43D;-&#x442; &#x44D;&#x43A;&#x43E;&#x43D;&#x43E;&#x43C;&#x438;&#x43A;&#x438; &#x438; &#x43F;&#x440;&#x430;&#x432;&#x430;, &#x41C;-&#x432;&#x43E; &#x44D;&#x43A;&#x43E;&#x43D;&#x43E;&#x43C;&#x438;&#x447;&#x435;&#x441;&#x43A;&#x43E;&#x433;&#x43E; &#x440;&#x430;&#x437;&#x432;&#x438;&#x442;&#x438;&#x44F;, &#x442;&#x440;&#x443;&#x434;&#x430;, &#x43D;&#x430;&#x443;&#x43A;&#x438; &#x438; &#x432;&#x44B;&#x441;&#x448;. &#x448;&#x43A;. &#x418;&#x440;&#x43A;&#x443;&#x442;&#x441;&#x43A;&#x43E;&#x439; &#x43E;&#x431;&#x43B;.</subfield>
  </datafield>
  <datafield tag="210" ind1=" " ind2=" ">
    <subfield code="a">&#x418;&#x440;&#x43A;&#x443;&#x442;&#x441;&#x43A;</subfield>
    <subfield code="c">&#x418;&#x437;&#x434;-&#x432;&#x43E; &#x411;&#x413;&#x423;&#x42D;&#x41F;</subfield>
    <subfield code="d">2012</subfield>
  </datafield>
  <datafield tag="215" ind1=" " ind2=" ">
    <subfield code="a">271 &#x441;.</subfield>
    <subfield code="c">&#x438;&#x43B;.</subfield>
    <subfield code="d">30</subfield>
  </datafield>
  <datafield tag="300" ind1=" " ind2=" ">
    <subfield code="a">&#x410;&#x432;&#x442;. &#x443;&#x43A;&#x430;&#x437;&#x430;&#x43D;&#x44B; &#x43D;&#x430; &#x43E;&#x431;&#x43E;&#x440;&#x43E;&#x442;&#x435; &#x442;&#x438;&#x442;.&#x43B;.</subfield>
  </datafield>
  <datafield tag="606" ind1=" " ind2=" ">
    <subfield code="a">&#x41F;&#x440;&#x43E;&#x43C;&#x44B;&#x448;&#x43B;&#x435;&#x43D;&#x43D;&#x43E;&#x441;&#x442;&#x44C;</subfield>
    <subfield code="y">&#x418;&#x440;&#x43A;&#x443;&#x442;&#x441;&#x43A;&#x430;&#x44F; &#x43E;&#x431;&#x43B;&#x430;&#x441;&#x442;&#x44C;</subfield>
    <subfield code="9">936113</subfield>
    <subfield code="3">RU\NLR\auth\66345530</subfield>
  </datafield>
  <datafield tag="686" ind1=" " ind2=" ">
    <subfield code="a">&#x423;9(2&#x420;-4&#x418;&#x440;)300,0</subfield>
    <subfield code="2">rubbk</subfield>
  </datafield>
  <datafield tag="686" ind1=" " ind2=" ">
    <subfield code="a">&#x423;30(2&#x420;-4&#x418;&#x440;)</subfield>
  </datafield>
  <datafield tag="701" ind1=" " ind2="1">
    <subfield code="a">&#x412;&#x438;&#x43D;&#x43E;&#x43A;&#x443;&#x440;&#x43E;&#x432;</subfield>
    <subfield code="b">&#x41C;. &#x410;.</subfield>
    <subfield code="f">1949-</subfield>
    <subfield code="g">&#x41C;&#x438;&#x445;&#x430;&#x438;&#x43B; &#x410;&#x43B;&#x435;&#x43A;&#x441;&#x435;&#x435;&#x432;&#x438;&#x447;</subfield>
    <subfield code="4">070</subfield>
  </datafield>
  <datafield tag="701" ind1=" " ind2="1">
    <subfield code="a">&#x410;&#x43D;&#x438;&#x43A;&#x435;&#x435;&#x432;</subfield>
    <subfield code="b">&#x421;. &#x414;.</subfield>
    <subfield code="g">&#x421;&#x435;&#x440;&#x433;&#x435;&#x439; &#x414;&#x43C;&#x438;&#x442;&#x440;&#x438;&#x435;&#x432;&#x438;&#x447;</subfield>
    <subfield code="4">070</subfield>
  </datafield>
  <datafield tag="701" ind1=" " ind2="1">
    <subfield code="a">&#x421;&#x443;&#x445;&#x43E;&#x434;&#x43E;&#x43B;&#x43E;&#x432;</subfield>
    <subfield code="b">&#x410;. &#x41F;.</subfield>
    <subfield code="f">1956-</subfield>
    <subfield code="g">&#x410;&#x43B;&#x435;&#x43A;&#x441;&#x430;&#x43D;&#x434;&#x440; &#x41F;&#x435;&#x442;&#x440;&#x43E;&#x432;&#x438;&#x447;</subfield>
    <subfield code="4">070</subfield>
  </datafield>
  <datafield tag="712" ind1="0" ind2="2">
    <subfield code="4">570</subfield>
    <subfield code="a">&#x411;&#x430;&#x439;&#x43A;&#x430;&#x43B;&#x44C;&#x441;&#x43A;&#x438;&#x439; &#x433;&#x43E;&#x441;&#x443;&#x434;&#x430;&#x440;&#x441;&#x442;&#x432;&#x435;&#x43D;&#x43D;&#x44B;&#x439; &#x443;&#x43D;&#x438;&#x432;&#x435;&#x440;&#x441;&#x438;&#x442;&#x435;&#x442; &#x44D;&#x43A;&#x43E;&#x43D;&#x43E;&#x43C;&#x438;&#x43A;&#x438; &#x438; &#x43F;&#x440;&#x430;&#x432;&#x430;</subfield>
    <subfield code="c">&#x418;&#x440;&#x43A;&#x443;&#x442;&#x441;&#x43A;</subfield>
    <subfield code="3">RU\NLR\AUTH\8810041217</subfield>
    <subfield code="9">581665</subfield>
  </datafield>
  <datafield tag="801" ind1=" " ind2="0">
    <subfield code="a">RU</subfield>
    <subfield code="b">RuMoRKP</subfield>
    <subfield code="c">20120604</subfield>
    <subfield code="g">rcr</subfield>
  </datafield>
  <datafield tag="801" ind1=" " ind2="1">
    <subfield code="a">RU</subfield>
    <subfield code="b">&#x420;&#x413;&#x411;</subfield>
    <subfield code="c">20120604</subfield>
  </datafield>
  <datafield tag="801" ind1=" " ind2="2">
    <subfield code="a">RU</subfield>
    <subfield code="b">NLR</subfield>
    <subfield code="c">20120614</subfield>
    <subfield code="g">rcr</subfield>
  </datafield>
  <datafield tag="830" ind1=" " ind2=" ">
    <subfield code="a">&#x43F;&#x43E; &#x44D;&#x43A;</subfield>
  </datafield>
  <datafield tag="942" ind1=" " ind2=" ">
    <subfield code="c">BOOK</subfield>
  </datafield>
  <datafield tag="980" ind1=" " ind2=" ">
    <subfield code="a">NBR</subfield>
  </datafield>
</record>
